000
00380nam a2200133Ia 4500
008
151001s9999||||xx |||||||||||||| ||und||
100
_a
यु म पठाण
245
_a
अजून आठवत
250
_a
1
260
_b
ज्ञानदा पब्लिकेशन प्रा लि पुणे
260
_c
1998
300
_a
159
365
_b
21
999
_c
981324
_d
981321